Mladí manažeři chtějí flexibilitu v práci a dobrý plat

Typické črty generácie Y. Ovplyvňuje generácia Y český pracovný trh?

Enregistré dans:
Détails bibliographiques
Auteur principal: Červenková, Alena
Format: Chapitre de livre
Langue:tchèque
Sujets:
Tags: Ajouter un tag
Pas de tags, Soyez le premier à ajouter un tag!

MARC

LEADER 00000naa a2200000 4500
001 0156594
005 20231113133100.5
041 0 |a cze 
044 |a CZ 
245 1 0 |a Mladí manažeři chtějí flexibilitu v práci a dobrý plat  |c Alena Červenková 
520 |a Typické črty generácie Y. Ovplyvňuje generácia Y český pracovný trh? 
610 2 0 |a generácie 
610 2 0 |a mladiství 
610 2 0 |a manažéri 
610 2 0 |a trh práce 
610 2 0 |a Česko 
100 1 |a Červenková, Alena